Principles of Neuromusculoskeletal Treatment and Management: a handbook for therapists (Record no. 3456)

MARC details
000 -LEADER
fixed length control field 00639nam a22002177a 4500
003 - CONTROL NUMBER IDENTIFIER
control field OSt
005 - DATE AND TIME OF LATEST TRANSACTION
control field 20160412150431.0
008 - FIXED-LENGTH DATA ELEMENTS--GENERAL INFORMATION
fixed length control field 160412b xxu||||| |||| 00| 0 eng d
020 ## - INTERNATIONAL STANDARD BOOK NUMBER
International Standard Book Number 9780702053092
040 ## - CATALOGING SOURCE
Transcribing agency DNLM
082 ## - DEWEY DECIMAL CLASSIFICATION NUMBER
Classification number QV140 P93p 2011
100 ## - MAIN ENTRY--PERSONAL NAME
Personal name Edited by Nical J. Petty
9 (RLIN) 7722
245 ## - TITLE STATEMENT
Title Principles of Neuromusculoskeletal Treatment and Management: a handbook for therapists
250 ## - EDITION STATEMENT
Edition statement 2nd ed.
260 ## - PUBLICATION, DISTRIBUTION, ETC. (IMPRINT)
Place of publication, distribution, etc. Edinburgh; Churchill, 2011
300 ## - PHYSICAL DESCRIPTION
Extent xi,314p; col.ill: 25cm
504 ## - BIBLIOGRAPHY, ETC. NOTE
Bibliography, etc References, & index included
650 ## - SUBJECT ADDED ENTRY--TOPICAL TERM
Topical term or geographic name as entry element Neuromusculoskeletal
9 (RLIN) 2876
650 ## - SUBJECT ADDED ENTRY--TOPICAL TERM
Topical term or geographic name as entry element Therapists
9 (RLIN) 7723
942 ## - ADDED ENTRY ELEMENTS (KOHA)
Source of classification or shelving scheme Other/Generic Classification Scheme
Koha item type Open Shelf
Holdings
Withdrawn status Lost status Source of classification or shelving scheme Damaged status Not for loan Home library Current library Date acquired Source of acquisition Inventory number Total Checkouts Full call number Barcode Date last seen Koha item type Public note
    Other/Generic Classification Scheme     MUST Main Library MUST Main Library 12/04/2016   15/39091   WB460 P93p 2011 2016-0712 12/04/2016 Open Shelf No borrowing
    Other/Generic Classification Scheme     MUST Main Library MUST Main Library 26/02/2018   17/40332   WB460 P93p 2011 2018-0105 26/02/2018 Short Loan